[Event "Sicilia Regional-ch"]
[Site "Marsala"]
[Date "2011.06.02"]
[Round "2"]
[White "Gueci, Laura"]
[Black "La Bella, Roberto"]
[Result "0-1"]
[WhiteElo "1789"]
[BlackElo "2168"]
[PlyCount "101"]
[EventDate "2011.06.01"]
[EventType "swiss"]
[EventRounds "7"]
[EventCountry "ITA"]
[SourceTitle "EXT 2023"]
[Source "ChessBase"]
[SourceDate "2022.10.05"]
[SourceVersion "1"]
[SourceVersionDate "2022.10.05"]
[SourceQuality "1"]

1. e4 e5 2. Nf3 Nc6 3. d4 exd4 4. Nxd4 Nf6 5. Nxc6 bxc6 6. e5 Qe7 7. Qe2 Nd5 8. Nd2 Nf4 9. Qe4 Ng6 10. f4 d5 11. exd6 cxd6 12. Be2 Qxe4 13. Nxe4 d5 14. Nf2 Bd6 15. Nd3 0-0 16. 0-0 Re8 17. Bh5 Bf5 18. Bd2 Rab8 19. b3 c5 20. g3 c4 21. Ne5 Bxc2 22. bxc4 Bc5+ 23. Kh1 dxc4 24. Bc3 Nxe5 25. fxe5 Be4+ 26. Bf3 Bd3 27. Rfd1 Rbd8 28. Rd2 Be3 29. Rb2 Rb8 30. Re1 Rxb2 31. Bxb2 Bd2 32. Rd1 Ba5 33. Kg2 Rb8 34. Ba3 Rb1 35. Rc1 Bd2 36. Rd1 c3 37. Kf2 Rxd1 38. Bxd1 c2 39. Bxc2 Bxc2 40. Bd6 Bd1 41. a3 f5 42. exf6 gxf6 43. Bc5 a6 44. Bd4 Kf7 45. Kg2 f5 46. Bc5 Ke6 47. Bd4 Kd5 48. Bb2 Ke4 49. Kh3 Bg4+ 50. Kg2 Bf3+ 51. Kh3 0-1

[Event "Cappelle op 27th"]
[Site "Cappelle la Grande"]
[Date "2011.03.01"]
[Round "5"]
[White "La Bella, Roberto"]
[Black "Kuipers, Stefan"]
[Result "0-1"]
[WhiteElo "2138"]
[BlackElo "2381"]
[PlyCount "102"]
[EventDate "2011.02.26"]
[EventType "swiss"]
[EventRounds "9"]
[EventCountry "FRA"]
[SourceTitle "CBM 141 Extra"]
[Source "ChessBase"]
[SourceDate "2011.05.03"]
[SourceVersion "1"]
[SourceVersionDate "2011.05.03"]
[SourceQuality "1"]

1. e4 e6 2. d4 d5 3. Nc3 Bb4 4. e5 c5 5. a3 Bxc3+ 6. bxc3 Qa5 7. Bd2 Qa4 8. Qg4 Kf8 9. Ra2 Ne7 10. Nf3 b6 11. Qf4 h6 12. dxc5 Qxf4 13. Bxf4 bxc5 14. Be3 Nd7 15. Rb2 a6 16. Be2 f6 17. exf6 gxf6 18. 0-0 Nf5 19. Bc1 Kg7 20. g4 Nd6 21. Re1 Re8 22. Nd2 c4 23. Bf3 Ra7 24. Nf1 Ne5 25. Bd1 Nc6 26. Rb6 Bd7 27. Be3 Raa8 28. Ng3 Reb8 29. Nh5+ Kg6 30. Bf3 Rxb6 31. Bxb6 Ne5 32. Be2 Nb5 33. Bc5 Nxc3 34. f4 Nxe2+ 35. Rxe2 Nxg4 36. Ng3 h5 37. h3 Nh6 38. Rg2 Rg8 39. Kh2 e5 40. fxe5 fxe5 41. Be3 h4 42. Bxh6 Kxh6 43. Nf5+ Bxf5 44. Rxg8 Bxc2 45. Rc8 d4 46. Rxc4 d3 47. Rc6+ Kg5 48. Rd6 Kf4 49. Kg2 Ke3 50. Rd5 d2 51. Rxe5+ Be4+ 0-1

[Event "Cappelle op 27th"]
[Site "Cappelle la Grande"]
[Date "2011.02.27"]
[Round "2"]
[White "Nguyen, Chi Minh"]
[Black "La Bella, Roberto"]
[Result "1-0"]
[WhiteElo "2389"]
[BlackElo "2138"]
[PlyCount "59"]
[EventDate "2011.02.26"]
[EventType "swiss"]
[EventRounds "9"]
[EventCountry "FRA"]
[SourceTitle "CBM 141 Extra"]
[Source "ChessBase"]
[SourceDate "2011.05.03"]
[SourceVersion "1"]
[SourceVersionDate "2011.05.03"]
[SourceQuality "1"]

1. d4 Nf6 2. c4 c5 3. d5 e6 4. Nc3 exd5 5. cxd5 d6 6. e4 g6 7. f4 Bg7 8. Bb5+ Nfd7 9. Nf3 0-0 10. 0-0 a6 11. Bd3 b5 12. a3 Re8 13. Kh1 c4 14. Bc2 Qb6 15. Qe1 Nc5 16. Be3 Ra7 17. e5 f5 18. exf6 Qd8 19. fxg7 Rae7 20. Ng5 Rxe3 21. Qh4 h5 22. Bxg6 Kxg7 23. Bxe8 Qxe8 24. f5 Re5 25. f6+ Kg6 26. f7 Qf8 27. Rf6+ Kg7 28. Qf4 Nd3 29. Ne6+ Bxe6 30. Qh6# 1-0

[Event "Nicolo La Rosa op 18th"]
[Site "Mazara del Vallo"]
[Date "2010.08.18"]
[Round "2"]
[White "Lo Piccolo, Antonino"]
[Black "La Bella, Roberto"]
[Result "0-1"]
[WhiteElo "1879"]
[BlackElo "2098"]
[PlyCount "102"]
[EventDate "2010.08.18"]
[EventType "swiss"]
[EventRounds "9"]
[EventCountry "ITA"]
[SourceTitle "EXT 2024"]
[Source "ChessBase"]
[SourceDate "2023.10.10"]
[SourceVersion "1"]
[SourceVersionDate "2023.10.10"]
[SourceQuality "1"]

1. e4 e5 2. Nf3 Nc6 3. Bc4 Nf6 4. d3 Bc5 5. Nc3 d6 6. Bg5 h6 7. Bxf6 Qxf6 8. Nd5 Qd8 9. h3 Ne7 10. c3 Nxd5 11. Bxd5 c6 12. Bb3 Qf6 13. Qe2 0-0 14. 0-0 g5 15. Nh2 Kg7 16. Ng4 Qg6 17. Ne3 h5 18. Kh2 g4 19. Bc2 Qg5 20. Nf5+ Bxf5 21. exf5 gxh3 22. gxh3 Qf4+ 23. Kh1 Kh6 24. Qe4 Qxe4+ 25. dxe4 a5 26. Rad1 Kg5 27. Rd2 Kf4 28. Rg1 Rg8 29. Rg2 b5 30. Kg1 b4 31. c4 a4 32. b3 axb3 33. axb3 Rxg2+ 34. Kxg2 Ra2 35. Kf1 h4 36. Kg2 Bd4 37. Kf1 f6 38. Kg2 Rb2 39. Kf1 Bc5 40. Ke2 Bd4 41. Kf1 Bc3 42. Re2 Ra2 43. Kg1 Rxc2 44. Rxc2 Kxe4 45. Ra2 d5 46. Ra6 dxc4 47. bxc4 b3 48. Rxc6 b2 49. Rb6 Kd4 50. Kf1 Kxc4 51. Ke2 Bb4 0-1

[Event "Dioscuri op 2nd"]
[Site "Agrigento"]
[Date "2009.11.14"]
[Round "2"]
[White "La Bella, Roberto"]
[Black "Ljubisavljevic, Zivojin Z"]
[Result "0-1"]
[WhiteElo "2097"]
[BlackElo "2287"]
[PlyCount "90"]
[EventDate "2009.11.13"]
[EventType "swiss"]
[EventRounds "5"]
[EventCountry "ITA"]
[SourceTitle "EXT 2012"]
[Source "ChessBase"]
[SourceDate "2011.11.24"]
[SourceVersion "1"]
[SourceVersionDate "2011.11.24"]
[SourceQuality "1"]

1. e4 c6 2. d4 d5 3. e5 Bf5 4. g4 Bd7 5. c3 h5 6. gxh5 Bf5 7. Bd3 Bxd3 8. Qxd3 e6 9. Ne2 Rxh5 10. Nd2 Ne7 11. Ng3 Rh8 12. Nf3 Qb6 13. Bd2 c5 14. dxc5 Qxc5 15. 0-0 Nbc6 16. Rfe1 Ng6 17. Rac1 Qc4 18. Qxc4 dxc4 19. Re4 Be7 20. Bf4 b5 21. Rd1 Rd8 22. Rxd8+ Bxd8 23. Ne2 Nxf4 24. Rxf4 Bc7 25. Re4 Rh5 26. Ned4 Nxe5 27. Nxe5 Bxe5 28. f4 Bxd4+ 29. Rxd4 Rd5 30. Rxd5 exd5 31. Kf2 Ke7 32. Ke3 Kd6 33. Kd4 f6 34. f5 Kc6 35. Ke3 Kc5 36. a3 a6 37. h3 a5 38. h4 a4 39. h5 d4+ 40. cxd4+ Kd5 41. Kd2 Kxd4 42. Kc2 Ke4 43. Kc3 Kxf5 44. Kb4 Kg4 45. Kxb5 f5 0-1

[Event "Nicolo La Rosa op 15th"]
[Site "Mazara del Vallo"]
[Date "2007.08.11"]
[Round "4"]
[White "La Bella, Roberto"]
[Black "Napoli, Nicolo"]
[Result "0-1"]
[WhiteElo "2075"]
[BlackElo "2277"]
[PlyCount "94"]
[EventDate "2007.08.10"]
[EventType "swiss"]
[EventRounds "6"]
[EventCountry "ITA"]
[SourceTitle "EXT 2011"]
[Source "ChessBase"]
[SourceDate "2010.11.26"]
[SourceVersion "1"]
[SourceVersionDate "2010.11.26"]
[SourceQuality "1"]

1. e4 g6 2. d4 Bg7 3. c3 d5 4. e5 c5 5. Bd3 Nc6 6. Be3 Nh6 7. Ne2 Ng4 8. Nf4 0-0 9. Nd2 Kh8 10. 0-0 f6 11. h3 fxe5 12. Nxg6+ hxg6 13. Bxg6 Qd6 14. Bc2 exd4 15. hxg4 dxe3 16. fxe3 Ne5 17. Rxf8+ Bxf8 18. g5 Ng4 19. Nf1 e5 20. c4 e4 21. Qe1 Be7 22. Qh4+ Kg7 23. Bd1 Ne5 24. Ng3 Qg6 25. Nh5+ Kg8 26. Nf6+ Bxf6 27. gxf6 Nf3+ 28. Bxf3 exf3 29. g3 Be6 30. Kf2 dxc4 31. Rh1 Kf7 32. Qf4 Rd8 33. e4 Rd4 34. Rh4 b5 35. Kxf3 b4 36. Qc7+ Rd7 37. Qf4 c3 38. bxc3 bxc3 39. Rh6 Bg4+ 40. Kf2 Qg8 41. e5 Rd2+ 42. Ke1 Rd4 43. Qe3 c2 44. Qb3+ Be6 45. Qxc2 Qxg3+ 46. Kf1 Rd1+ 47. Qxd1 Bc4+ 0-1

[Event "Palermo op"]
[Site "Palermo"]
[Date "2004.10.30"]
[Round "2"]
[White "Galioto, Giovanni"]
[Black "La Bella, Roberto"]
[Result "0-1"]
[WhiteElo "2159"]
[BlackElo "2060"]
[PlyCount "48"]
[EventDate "2004.10.29"]
[EventType "swiss"]
[EventRounds "9"]
[EventCountry "ITA"]
[SourceTitle "EXT 2007"]
[Source "ChessBase"]
[SourceDate "2006.11.23"]
[SourceVersion "1"]
[SourceVersionDate "2006.11.23"]
[SourceQuality "1"]

1. e4 e5 2. f4 exf4 3. Bc4 d5 4. exd5 Qh4+ 5. Kf1 Bd6 6. Nf3 Qh6 7. d4 Ne7 8. Nc3 0-0 9. Ne4 Bg4 10. Qd3 Nd7 11. Nxd6 cxd6 12. Bd2 Nf5 13. Kf2 Nb6 14. Bb3 Rfe8 15. Rae1 g5 16. c4 Ne7 17. h4 Bf5 18. Qc3 g4 19. Ng5 Ng6 20. g3 Qg7 21. Bc2 Bxc2 22. Qxc2 Qxd4+ 23. Kg2 f3+ 24. Kh2 Qf2# 0-1

[Event "Palermo op"]
[Site "Palermo"]
[Date "2004.10.30"]
[Round "3"]
[White "La Bella, Roberto"]
[Black "Ferro, Mario"]
[Result "0-1"]
[WhiteElo "2060"]
[BlackElo "2226"]
[PlyCount "50"]
[EventDate "2004.10.29"]
[EventType "swiss"]
[EventRounds "9"]
[EventCountry "ITA"]
[SourceTitle "EXT 2007"]
[Source "ChessBase"]
[SourceDate "2006.11.23"]
[SourceVersion "1"]
[SourceVersionDate "2006.11.23"]
[SourceQuality "1"]

1. e4 c6 2. d4 d5 3. exd5 Qxd5 4. Nc3 Qa5 5. Nf3 Nf6 6. Bc4 Bg4 7. Bd2 e6 8. h3 Bh5 9. g4 Bg6 10. Ne5 Nbd7 11. f4 Nxe5 12. dxe5 Nd7 13. h4 h5 14. Ne4 Qb6 15. Ng3 hxg4 16. Qxg4 Qxb2 17. Rd1 Bxc2 18. Bxe6 fxe6 19. Qxe6+ Be7 20. Rc1 Nc5 21. Qg4 Nd3+ 22. Ke2 Nxc1+ 23. Rxc1 Rxh4 24. Qxg7 Rh2+ 25. Ke1 0-0-0 0-1

[Event "Palermo op"]
[Site "Palermo"]
[Date "2004.10.29"]
[Round "1"]
[White "La Bella, Roberto"]
[Black "Livecchi, Dario"]
[Result "0-1"]
[WhiteElo "2060"]
[BlackElo "2171"]
[PlyCount "73"]
[EventDate "2004.10.29"]
[EventType "swiss"]
[EventRounds "9"]
[EventCountry "ITA"]
[SourceTitle "EXT 2007"]
[Source "ChessBase"]
[SourceDate "2006.11.23"]
[SourceVersion "1"]
[SourceVersionDate "2006.11.23"]
[SourceQuality "1"]

1. e4 c5 2. c3 e6 3. d4 Nf6 4. Bd3 Nc6 5. Nf3 Qb6 6. e5 Nd5 7. Na3 cxd4 8. Nc4 Qc7 9. cxd4 b5 10. Ne3 Bb4+ 11. Bd2 Nf4 12. Bxb5 Rb8 13. Be2 Bxd2+ 14. Qxd2 Nxe2 15. Nc4 Ba6 16. Qxe2 Nxd4 17. Nxd4 Bxc4 18. Rc1 Qa5+ 19. b4 Rxb4 20. Qd2 Qxe5+ 21. Kd1 a5 22. a3 Ra4 23. Re1 Qd5 24. Re3 0-0 25. Rg3 Rb8 26. Rg5 Qxd4 27. Qxd4 Bb3+ 28. Ke2 Rxd4 29. Rb5 Ra8 30. Rxb3 Kf8 31. Rc7 Ke7 32. Rh3 h6 33. Rg3 g6 34. Rb3 a4 35. Rbb7 Ra6 36. Rc3 Rad6 37. Ra7 0-1